[Event "SVK-chT2D 1920"]
[Site "Slovakia"]
[Date "2019.12.15"]
[Round "6.8"]
[White "Kollar, Adrian"]
[Black "Kopnicky, Frantisek"]
[Result "0-1"]
[WhiteElo "1685"]
[BlackElo "1841"]
[PlyCount "74"]
[EventDate "2019.10.26"]
[EventType "team-tourn"]
[EventRounds "11"]
[EventCountry "SVK"]
[SourceTitle "CBM 194 Extra"]
[Source "ChessBase"]
[SourceDate "2020.03.31"]
[SourceVersion "1"]
[SourceVersionDate "2020.03.31"]
[SourceQuality "1"]
[WhiteTeam "Gelnica Slovan"]
[BlackTeam "Poprad LS VD"]
[WhiteTeamCountry "SVK"]
[BlackTeamCountry "SVK"]

1. e4 e6 2. d4 d5 3. exd5 exd5 4. Nf3 Nf6 5. Be2 Bd6 6. 0-0 0-0 7. Bg5 Bg4 8. Ne5 Bxe2 9. Qxe2 c6 10. Nd2 h6 11. Bh4 Re8 12. f4 Be7 13. Bf2 Nbd7 14. Qf3 Nxe5 15. dxe5 Nd7 16. Nb3 Qc7 17. h4 Bf8 18. Rae1 Nb6 19. g4 Nc4 20. g5 hxg5 21. hxg5 Qd7 22. Kg2 g6 23. Rh1 b6 24. Qg3 c5 25. Rh4 Bg7 26. Reh1 d4 27. Qh2 Kf8 28. Rh8+ Ke7 29. Rh7 Rh8 30. Qg3 Qd5+ 31. Qf3 Qxf3+ 32. Kxf3 Rxh7 33. Rxh7 Rg8 34. Ke4 Ke6 35. c3 dxc3 36. bxc3 Na3 37. Kd3 c4+ 0-1